日本経済の歴史的転換

Guardado en:
Detalles Bibliográficos
Autor principal: 中谷 巌 (Nakatani Iwao)
Formato: Libro
Publicado: 東洋経済新報社 1996
Etiquetas: Agregar Etiqueta
Sin Etiquetas, Sea el primero en etiquetar este registro!
Thư viện lưu trữ: Mạng thư viện Đại học Đà Nẵng
LEADER 00565nam a2200229 a 4500
001 000029325
003 14764
005 20171030145630.0
008 171030s1996
040 |a LTT 
082 0 |a 330.95  |b NA-I 
100 1 |a 中谷 巌 (Nakatani Iwao) 
245 0 0 |a 日本経済の歴史的転換  |c 中谷 巌. 
260 |b 東洋経済新報社  |c 1996 
500 |a SAIKA 
OWN |a LTT 
999 |a From the UDN01 
TYP |a Monograph 
TYP |a Printed language 
980 |a Mạng thư viện Đại học Đà Nẵng